Синтез релейного управления в автоматизированных системах теплопотребления с запаздыванием: монография

Chi tiết về thư mục
Tác giả chính: Шилин А. А. Александр Анатольевич
Tác giả của công ty: Национальный исследовательский Томский политехнический университет (ТПУ)
Tác giả khác: Букреев В. Г. Виктор Григорьевич
Tóm tắt:В монографии представлены новые математические модели автоматизированных систем теплопотребления с запаздыванием в канале управления эффективным теплообменным аппаратом. Предложена методология синтеза и практической реализации в реальном времени трехпозиционного релейного управления многомерным объектом теплопотребления, реализующего сколь­зящий режим работы системы без оценки производных регулируемых пере­менных и обеспечивающего робастные свойства в условиях нестационарности внешних и параметрических возмущений. Практическая направленность тео­ретических исследований заключается в разработке алгоритмического и про­граммного обеспечения автоматизированных систем теплопотребления зданий и сооружений, построении оптимальных по быстродействию регуляторов на программно-логических контроллерах в составе интеллектуальных систем коммерческого учета энергопотребления и SCADA-систем.Монография предназначена для специалистов в области исследования и проектирования современных автоматизированных систем управления сложными технологическими объектами, а также для широкого круга научных работников, аспирантов и студентов вузов соответствующих специальностей.
Ngôn ngữ:Tiếng Nga
Được phát hành: Томск, Изд-во ТПУ, 2015
Những chủ đề:
Định dạng: Sách
KOHA link:https://koha.lib.tpu.ru/cgi-bin/koha/opac-detail.pl?biblionumber=290083

MARC

LEADER 00000nam0a2200000 4500
001 290083
005 20240129114247.0
010 |a 9785438705307 
035 |a (RuTPU)RU\TPU\book\314613 
090 |a 290083 
100 |a 20150403d2015 k y0rusy50 ca 
101 0 |a rus 
102 |a RU 
105 |a a z 001zy 
200 1 |a Синтез релейного управления в автоматизированных системах теплопотребления с запаздыванием  |e монография  |f А. А. Шилин, В. Г. Букреев  |g Национальный исследовательский Томский политехнический университет (ТПУ) 
210 |a Томск  |c Изд-во ТПУ  |d 2015 
215 |a 280 с.  |c ил. 
320 |a Библиогр.: с. 257-276. 
330 |a В монографии представлены новые математические модели автоматизированных систем теплопотребления с запаздыванием в канале управления эффективным теплообменным аппаратом. Предложена методология синтеза и практической реализации в реальном времени трехпозиционного релейного управления многомерным объектом теплопотребления, реализующего сколь­зящий режим работы системы без оценки производных регулируемых пере­менных и обеспечивающего робастные свойства в условиях нестационарности внешних и параметрических возмущений. Практическая направленность тео­ретических исследований заключается в разработке алгоритмического и про­граммного обеспечения автоматизированных систем теплопотребления зданий и сооружений, построении оптимальных по быстродействию регуляторов на программно-логических контроллерах в составе интеллектуальных систем коммерческого учета энергопотребления и SCADA-систем.Монография предназначена для специалистов в области исследования и проектирования современных автоматизированных систем управления сложными технологическими объектами, а также для широкого круга научных работников, аспирантов и студентов вузов соответствующих специальностей. 
452 1 |0 (RuTPU)RU\TPU\book\322479  |t Синтез релейного управления в автоматизированных системах теплопотребления с запаздыванием  |o монография  |f А. А. Шилин, В. Г. Букреев  |g Национальный исследовательский Томский политехнический университет (ТПУ), Энергетический институт (ЭНИН), Кафедра электропривода и электрооборудования (ЭПЭО)  |c Томск  |n Изд-во ТПУ  |d 2015  |a Шилин, Александр Анатольевич 
606 1 |a Отопительные системы  |x Автоматическое регулирование  |2 stltpush  |3 (RuTPU)RU\TPU\subj\47778  |9 66689 
610 1 |a теплопотребление 
610 1 |a оптимальные управления 
610 1 |a элементы 
610 1 |a устройства 
610 1 |a синтез 
610 1 |a электромеханические клапаны 
610 1 |a транспортное запаздывание 
610 1 |a скользящий режим 
610 1 |a релейное управление 
610 1 |a системы с запаздыванием 
610 1 |a монографии 
675 |a 697.32  |v 3 
700 1 |a Шилин  |b А. А.  |c специалист в области электротехники  |c профессор Томского политехнического университета, доктор технических наук  |f 1972-  |g Александр Анатольевич  |3 (RuTPU)RU\TPU\pers\30479  |9 14803 
701 1 |a Букреев  |b В. Г.  |c специалист в области электротехники  |c профессор Томского политехнического университета, доктор технических наук  |f 1952-  |g Виктор Григорьевич  |3 (RuTPU)RU\TPU\pers\26527  |9 12221 
712 0 2 |a Национальный исследовательский Томский политехнический университет (ТПУ)  |c (2009- )  |3 (RuTPU)RU\TPU\col\15902 
801 1 |a RU  |b 63413507  |c 20150403 
801 2 |a RU  |b 63413507  |c 20160505  |g RCR 
942 |c BK